| 000 | 00408nam a22001577a 4500 | ||
|---|---|---|---|
| 003 | SGT | ||
| 082 |
_a617 _bD60B |
||
| 100 | _aBAILEY, HAMILTON | ||
| 245 | _aDEMONSTRATIONS OF PHYSICAL SIGNS IN CLINICAL SURGERY | ||
| 250 | _a13TH | ||
| 260 |
_aUSA _bBRISTOL PUB _c1960 |
||
| 300 | _a928 | ||
| 650 | _aGENERAL SURGERY | ||
| 653 | _aDEMONSTRATIONS OF PHYSICAL SIGNS IN CLINICAL SURGERY | ||
| 942 |
_2ddc _cRARE |
||
| 999 |
_c22357 _d22357 |
||